Tercer congreso latinoaméricano de manejo de cuencas hidrográficas (Registro nro. 4331)

Detalles MARC
000 -CABECERA
Campo de control 00690nam a2200205 a 4500
005 - FECHA Y HORA DE LA ULTIMA TRANSACCION
Campo de control 20191224041733.0
008 - ELEMENTOS DE LONGITUD FIJA—INFORMACION GENERAL
Campo de control 140314b2003 pe ||||gr|||| 00| 0 spa d
040 ## - FUENTE DE CATALOGACIÓN
Agencia catalogadora original CO-BoIAVH
Agencia transcriptora CO-BoIAVH
041 ## - IDIOMA
Código de idioma para texto/pista de sonido o título separado Español
044 ## - PAÍS DE PUBLICACIÓN
País de publicación Perú
082 04 - NUMERO DE CLASIFICACION DECIMAL DEWEY
Número de clasificación 551.48
Número del ítem T31t
111 2# - ASIENTO PRINCIPAL--NOMBRE DE REUNION
Nombre de reunión o de jurisdicción como elemento de entrada Congreso Latinoaméricano de Manejo de Cuencas Hidrograficas
Lugar de la reunión Arequipa
Fecha de la reunión junio 8-13, 2003
Número de la parte/sección/reunión 3
9 (RLIN) 60429
245 1# - MENCION DE TITULO
Título Tercer congreso latinoaméricano de manejo de cuencas hidrográficas
Parte restante del título libro de resúmenes
260 ## - PUBLICACION, DISTRIBUCION, ETC. (PIE DE IMPRENTA)
Lugar de publicación, distribución, etc. Arequipa
Nombre del editor, distribuidor, etc. Cerro Verde
-- MARSA
-- SOUTHERN Peru
Fecha de publicación, distribución, etc. 2003
300 ## - DESCRIPCION FISICA
Extensión 430 p.
Dimensiones 29 x 21 cm.
650 #6 - ASIENTO SECUNDARIO DE MATERIA - TERMINO TEMATICO
Término temático o nombre geográfico como elemento de entrada Hidrografia
9 (RLIN) 5361
650 #6 - ASIENTO SECUNDARIO DE MATERIA - TERMINO TEMATICO
Término temático o nombre geográfico como elemento de entrada Hidrología
9 (RLIN) 60431
942 ## - ELEMENTOS ADICIONALES (KOHA)
Tipo de ítem Informe Técnico
Sistema de clasificación Dewey Decimal Classification
945 ## - PROCESAMIENTO LOCAL
AAAA-MM-DD - Fecha de ingreso o modificacion 2005-01-31
Existencias
Withdrawn status Lost status Sistema de Clasificación Damaged status No para préstamo Colección Inventariado Ubicación Permanente Ubicación actual Fecha de adquisición Fuente de Valor Total Checkouts Número topográfico Inventario / Código de Barras Date last seen Ejemplar Price effective from Forma de adquisición Tipo de material
    Dewey Decimal Classification     General Inventariado 2017 Bogotá Bogotá 31/01/2005 Hernández,Sarah   LB-551.48 T31t 017109 04/12/2012 Ej. 1 04/12/2012   Libro